000 00839nam a2200217Ia 4500
003 IN-BaIIA
008 211028s9999 xx 000 0 eng d
020 _a2-86332-57-2
040 _cIIA Library
080 _a524.78(082.2)
_bDAR
100 _aAudouze, J.
_911166
111 _aRecontre De Moriond on Dark Matter
_n33rd
_cLes Arcs, Savoie, France
_d1988
_916566
245 0 _aDark matter
_bproceedings of XXXIIIrd recontre de moriond on dark matter, held in Les Arcs, Savoie, France, 8-15, 1988
_c J. Audouze and J. Tran Thanh Van
260 _aFrance
_bEditions Frontiers
_c1988
300 _axiv, 498p.
490 _aMoriond astrophysics meetings
650 _aAstronomy and astrophysics thesaurus
650 _aDark matter
_914945
700 _aTran Thanh Van, J
_916042
942 _cBK
999 _c9784
_d9784